Musique - Artistes francophones de A à Z - Statistiques

Statistiques générales
  • Ce quiz a été pris 1 098 fois
  • Le résultat moyen est 19 sur 24
Statistiques - réponses
Chansons Réponse % Correct
A Balance ton quoi, Tout oublier, Ta reine Angèle
99%
H Je te promets, L'envie, Allumer le feu Johnny Hallyday
97%
I Dernière danse, Tourner dans le vide, Love story Indila
95%
P La vie en rose, Non je ne regrette rien, La foule Edith Piaf
94%
L Avenir, Jour 1, Secret Louane
93%
J Tchikita, J'oublie Tout, Ma Jolie Jul
92%
C En apesanteur, Face à la mer, Le portrait Calogero
91%
R Mistral gagnant, Manhattan-Kaboul, Dès que le vent soufflera Renaud
91%
G Je te donne, Quand la musique est bonne, Au bout de mes rêves Jean-Jacques Goldman
89%
S Désolé, Wati by Night, Ma Direction Sexion d'Assaut
87%
O La Quête, La terre est ronde, Jour meilleur Orelsan
86%
V A fleur de toi, Avant toi, Confessions nocturnes Vitaa
86%
B Dommage, Plus tard, Coup de vieux Bigflo et Oli
85%
D Macarena, Amnésie, Feu de bois Damso
85%
T Le sens de la vie, A l'international, Mondial TAL
83%
K Tahiti, Rien qu'une fois, Outété Keen'V
81%
F Désenchantée, Sans contrefaçon, C'est une belle journée Mylène Farmer
81%
Z Je suis un homme, Rue de la Paix, J'envoie valser Zazie
81%
W Double je, PS : Je t'aime, Jacques a dit Christophe Willem
58%
M Bouge de là, Caroline, Hasta la vista MC Solaar
57%
N Le vent nous portera, L'homme pressé, Un jour en France Noir Désir
50%
Y Corps, INDELEBILE, Alibi Yseult
50%
E Déjeuner en paix, Pas D'Ami, Tu ne me dois rien Stephan Eicher
38%
U Kammthaar, Evier métal, Doigts de Metal Ultra Vomit
15%
Aucun quiz correspondant
Distribution des résultats
% des personnes avec chaque résultat
Percentile par nombre de réponses
Votre historique - résultats
Vous n’avez pas pris ce quiz